Normal view
MARC view
Entry Uniform Title
001 - CONTROL NUMBER
- control field: 36711
003 - CONTROL NUMBER IDENTIFIER
- control field: dpl
005 - DATE AND TIME OF LATEST TRANSACTION
- control field: 20111209122034.0
008 - FIXED-LENGTH DATA ELEMENTS
- fixed length control field: 111209|||a|||||| | ||| d
040 ## - CATALOGING SOURCE
- Original cataloging agency: dpl
- Transcribing agency: dpl
130 ## - HEADING--UNIFORM TITLE
- Uniform title: लोकोदय ग्रन्थमाला-ग्रथांक 1079
670 ## - SOURCE DATA FOUND
- Source citation: Work cat.: (dpl): 23632 सोंलकी,किशोर सिंह, अरावली /, 2011
670 ## - SOURCE DATA FOUND
- Source citation: Work cat.: (dpl): 23632 सोंलकी,किशोर सिंह, अरावली /, 2011
